Rubell và hậu quả đối với thai nhi /

Salvato in:
Dettagli Bibliografici
Autore principale: Cẩm Tiên, BS.
Natura: Articolo
Lingua:Vietnamese
Soggetti:
Tags: Aggiungi Tag
Nessun Tag, puoi essere il primo ad aggiungerne! !
Thư viện lưu trữ: Thư viện Trường Đại học Đà Lạt
LEADER 00743nam a2200265 4500
001 DLU100105509
005 ##20100401
040 # # |a DLU  |b vie 
041 # # |a vie 
044 # # |a vn 
100 # # |a Cẩm Tiên,   |c BS. 
245 # # |a Rubell và hậu quả đối với thai nhi /  |c Cẩm Tiên. 
653 # # |a Bệnh truyền nhiễm 
653 # # |a Dị tật bẩm sinh 
653 # # |a Siêu vi 
773 # # |t Thuốc và sức khỏe  |g Số4(353), 2008, tr. 25-26 
920 # # |a Phòng Tạp chí -- Trung tâm Thông tin - Thư viện Trường Đại học Đà Lạt 
994 # # |a DLU 
900 # # |a True 
911 # # |a Nguyễn Thị Linh Chi 
925 # # |a G 
926 # # |a A 
927 # # |a BB 
980 # # |a Thư viện Trường Đại học Đà Lạt